| 000 | 01698 a2200265 4500 | ||
|---|---|---|---|
| 003 | OSt | ||
| 005 | 20180116192337.0 | ||
| 008 | 120517t xxu||||| |||| 00| 0 eng d | ||
| 020 | _a1920744150 (hardcover) | ||
| 020 | _a9781920744151 (hardcover) | ||
| 040 | _c0 | ||
| 082 | 0 | 4 | _a711.4 |
| 100 | 1 |
_aSwaback, Vernon D. _91599 |
|
| 245 | 1 | 4 |
_aThe creative community : _bdesigning for life / _cVernon D. Swaback. |
| 260 |
_aVictoria : _bImages Publishing Dist A/C, _c2003. |
||
| 300 |
_a272 p. : _bill.; _c31 cm. |
||
| 520 | _aThis extraordinary collection of thoughts and images adds up to a positive prophecy for a future in which the architecture and stewardship of daily life becomes humanity's greatest work of art. It is a future where standardised codes and arguments give way to commitment, creativity and beauty - where our deepest needs and desires are holistically embraced by thoughtful design. The Creative Community by Vernon D. Swaback is a journey through ideas and places, stretching our imaginations and inspiring us to move beyond our patterns of production-driven uniformity. This book is both invitation and guide for giving our best to the future by first creating it for ourselves. It illuminates a subject that is most often buried in planner's jargon, making it as personal as our own homes, which of course it is. | ||
| 650 |
_a Architecture and society _91600 |
||
| 650 |
_aCity planning _91601 |
||
| 650 |
_aPlanned communities _91602 |
||
| 651 |
_aUnited States _91603 |
||
| 856 | 4 | 0 |
_3Amazon.com _uhttp://www.amazon.com/exec/obidos/ASIN/1920744150/chopaconline-20 |
| 942 |
_aSADA _cBK _k711.4 SWA 2003 _2ddc |
||
| 999 |
_c352528 _d352528 |
||